000 00979nam a22001817a 4500
008 230721s2023 xxk|||||o|||| 00| 0 eng d
041 _aeng
110 _aRoyal Institution of Chartered Surveyors
245 _aUK Residential Market Survey
_bJune 2023
_h[Electronic resource]
260 _aLondon,
_bRoyal Institution of Chartered Surveyors,
_cJuly 2023
300 _a18p
490 _aRICS UK Residential Market Survey
520 _aThe June 2023 report shows a renewed deterioration in sales expectation and sales market activity with indicators on new buyer enquiries and agreed sales slipping deeper into negative territory on the back of rising interest rate expectations
651 _aUnited Kingdom
710 _aRoyal Institution of Chartered Surveyors
856 _uhttps://www.rics.org/content/dam/ricsglobal/documents/market-surveys/uk-residential-market-survey/6._WEB_June_2023_RICS_UK_Residential_Market_Survey_tp.pdf
_zAvailable free on RICS.org
942 _n0
999 _c121615
_d121615